000 00223nam a2200085Ia 4500
008 170620s9999 xx 000 0 und d
100 _aSharma- Kadambari
245 0 _aTeaching of Economics
260 _bNew Delhi- Commonwealth Publishers
260 _c2006
999 _c24580
_d24580